| 000 | 00647nam a2200241Ia 4500 | ||
|---|---|---|---|
| 003 | OSt | ||
| 005 | 20220924124736.0 | ||
| 006 | a|||||r|||| 00| 0 | ||
| 007 | ta | ||
| 008 | 220923b |||||||| |||| 00| 0 hin d | ||
| 024 | _a224750 | ||
| 037 | _cTextual | ||
| 040 |
_aARTS _cARTS _bhin |
||
| 041 |
_2hin _ahin |
||
| 082 | _aR6,4, 152P4(P15) | ||
| 100 |
_aDiwakar Vinod Mani _9196860 |
||
| 245 | 0 | _aBharatiya achar shastra | |
| 260 |
_aNew Delhi _b Univ. pub. _c2004 |
||
| 300 |
_a160p _ccm. |
||
| 650 | _aINDIAN PHILOSOPHY | ||
| 942 |
_hR6,4, 152P4(P15) _cTEXL _2CC |
||
| 999 |
_c420789 _d420789 |
||